| 000 | 01032cam a22002777a 4500 | ||
|---|---|---|---|
| 005 | 20220329141131.0 | ||
| 008 | 971010s1977 r 00010 d | ||
| 010 | _a63132 | ||
| 011 | _a64104 | ||
| 035 | _a69236 | ||
| 082 |
_a657.42 _bB6 |
||
| 100 | 0 | 0 |
_aBoer, Germain B. _913382 |
| 245 | 0 |
_aContabilidad de costos directos y su contribución _b: sistema integrado de contabilidad administrativa |
|
| 260 |
_aMéxico, D.F. : _bLimusa, _c1977 |
||
| 300 | _a262 p. | ||
| 490 | 0 | _aColección de sistemas y controles para administración financiera | |
| 590 |
_aBATCH-UPD _b10 _c20130110 _lUCH01 _h0422 |
||
| 590 |
_aBATCH-UPD _b10 _c20130110 _lUCH01 _h2351 |
||
| 590 |
_aBATCH-UPD _b10 _c20130410 _lUCH01 _h0057 |
||
| 590 |
_aBATCH-UPD _b10 _c20130914 _lUCH01 _h1004 |
||
| 590 |
_aCONVERSION _b10 _c20130109 _lUCH01 _h1334 |
||
| 650 | 1 | 4 |
_aContabilidad de costos. _927425 |
| 830 | 0 |
_aColección de sistemas y controles para administración financiera _924810 |
|
| 901 | _aBK | ||
| 949 |
_a657.42 B6 _bCRUAN _cLIBRO _d-1407 _eLIBRO _h91 _i69236 _si |
||
| 999 |
_c63132 _d63132 |
||